000 01051cam a22003377a 4500
001 14448814
005 20180313053852.0
008 060712s2005 caua b 001 0 eng d
010 _a 2006279060
015 _aGBA581764
_2bnb
016 7 _a013301190
_2Uk
020 _a0321293886 (pbk.)
035 _a(CStRLIN)NYUGB13279169-B
035 _a(NNU)NYUb13279169
035 _a(PU)3957404
035 _a(NYU)NYUb13279169
035 _a(CStRLIN)PAUGV3957404-B
040 _aUKM
_cUKM
_dBAKER
_dNNU
_dDLC
041 _aeng
042 _alccopycat
080 _a006.7869 GON
082 0 4 _a006.7869 GON
_222
100 1 _a28
101 _aSHK
245 1 0 _aMacromedia Flash Professional 8 :
_cby James Gonzalez.
246 3 _aFlash Professional 8
906 _a7
_bcbc
_ccopycat
_d2
_encip
_f20
_gy-gencatlg
942 _2ddc
_cBK
999 _c44865
_d44865